| 000 | 00865nas a2200265 4500 | ||
|---|---|---|---|
| 001 | BR0204887 | ||
| 003 | BR-BrBNA | ||
| 005 | 20231205103252.0 | ||
| 007 | ta | ||
| 008 | 230509b bl.|||p| |||| 00| 00por d | ||
| 040 |
_aBR-BrBNA _bpor _cBiblioteca Nacional de Agricultura |
||
| 041 | _a(Pt) | ||
| 072 | _aH10 | ||
| 100 | 1 | _aBarbosa, L.R. | |
| 100 | 1 | _aFreitas, S. de | |
| 100 | 1 | _aAuad, A.M. | |
| 245 | 1 | _aCapacidade reprodutiva e viabilidade de ovos de Ceraeochrysa everes (Banks, 1920)(Neuroptera: Chrysopidae)em diferentes condições de acasalamento | |
| 650 | _aNEUROPTERA | ||
| 650 | _aCRIAÇÃO MASSAL | ||
| 650 | _aBIOLOGIA | ||
| 650 | _aCONTROLE BIOLÓGICO | ||
| 773 | 0 |
_tCiência e Agrotecnologia (Brazil) _xISSN 1413-7054 _g(May-Jun 2002), v. 26(3) p. 466-471 _wBR0204887 |
|
| 909 |
_a202311 _bLúcia _c55 _dLúcia Elande |
||
| 942 |
_2AGRIS _n0 _cANA |
||
| 999 |
_c171984 _d171984 |
||